Countries that Visit Sri Lanka the Most - Statistics

General Stats
  • This quiz has been taken 420 times
  • The average score is 9 of 12
Answer Stats
# Visitors Country % Correct
107,147 India
98%
30,070 United States
94%
85,468 United Kingdom
92%
78,212 China
90%
43,144 France
89%
49,429 Germany
85%
30,619 Australia
83%
18,320 Canada
81%
39,187 Russia
78%
76,108 * Maldives
56%
57,160 * Netherlands
55%
16,073 Ukraine
32%
No matching quizzes found
Score Distribution
Percent of People with Each Score
Percentile by Number Answered
Your Score History
You have not taken this quiz